00570nam a2200205Ia 4500008004000000041000800040082001200048100001600060245002900076260002600105650001000131650001200141650001000153650000700163650000600170690002200176906001100198999001900209952013600228210210b1963 xxu||||| |||| 00| 0 eng d aeng a320/560 aSMITH (D E) aIndia as a secular state abNot Mentionedc1963 astate asecular aIndia aas aa aPolitical Science a003194 c118531d118531 001040748Political ScienceaALbALcPolitical Scienced2021-02-17g0.00l0o320/560p003194r2021-02-17 00:00:00w2021-02-17yBK